Word Blocks (UAU to UZU) Quiz Stats

Quiz Updated Jul 23, 2015

Challenge
Share
Tweet
Embed
Score 0/24 Timer 05:00
2 Plays Today
Answer % Correct
UAUluau
92.1%
UCUcucumber
91.3%
URUTaurus
87.2%
UKUukulele
87%
UMUcumulus
86.7%
UXUluxury
86.2%
UPUacupuncture
85%
UQUbouquet
84.7%
UEUqueue
73.6%
UBUauburn
71%
UYUbuy up
69.7%
UFURufus
69.3%
Answer % Correct
UDUfraudulent
66.3%
UGUinaugurate
62.5%
ULUpendulum
61.7%
UOUdeciduous
54.4%
UTUYouTube
52.7%
UVUvuvuzela
50.5%
UHUUhura
49.2%
UZUSuzuki
49.1%
USUusury
43.7%
UNUeunuch
29.3%
UJUBujumbura
16.9%
UIUcolloquium
8.4%

You're not logged in!

Compare scores with friends on all Sporcle quizzes.
Sign Up with Email
OR
Log In

You Might Also Like...

Show Comments

Extras

Top Quizzes Today


Score Distribution

Your Account Isn't Verified!

In order to create a playlist on Sporcle, you need to verify the email address you used during registration. Go to your Sporcle Settings to finish the process.